- Steiner, George,
Entry Nombre Personal
001 - NUMERO DE CONTROL
- campo de control: 30047
003 - IDENTIFICADOR DE NUMERO DE CONTROL
- campo de control: DLC
005 - FECHA Y HORA DE LA ÜLTIMA TRANSACCIÓN
- campo de control: 20230511120702.0
008 - DATOS DE LONGITUD FIJA
- campo de control de longitud fija: 230511n| azannaabn |a aaa
010 ## - NÚMERO DE CONTROL DE LA BIBLIOTECA DEL CONGRESO
- Número de control LC: n 79106189
035 ## - NUMERO DE CONTROL
- Número de control: (OCoLC)oca00338188
040 ## - FUENTE DE CATALOGACIÓN
- Agencia original de catalogación: DLC
- Lenguaje de catalogación: spa
- Agencia de transcripción: DLC
- Description conventions: rda
- Agencia que lo modifica: InU
- Agencia que lo modifica: DLC
- Agencia que lo modifica: OCoLC
- Agencia que lo modifica: DLC
- Agencia que lo modifica: UkOxU
- Agencia que lo modifica: MX-MxUPN
046 ## - FECHAS CON CODIFICACIÓN ESPECIAL
- Fecha de nacimiento: 1929-04-23
- Fecha de muerte: 2020-02-03
- Fuente del formato de fecha: edtf
053 #0 - NÚMERO DE CLASIFICACIÓN LC
- Número de clasificación elemento-número único o número inicial de tramo: PR6069.T417
100 1# - ENCABEZAMIENTO - NOMBRE PERSONAL
- Nombre personal: Steiner, George,
- Fechas asociadas con el nombre: 1929-2020
370 ## - LUGAR ASOCIADO
- Place of birth: Paris (Francia)
- Place of death: Cambridge (Inglaterra)
- Associated country: Great Britain
- Associated country: United States
- Other associated place: Geneva (Suiza)
- Fuente del término: naf
372 ## - CAMPO DE ACTIVIDAD
- Field of activity: Literatura comparativa
- Field of activity: Literatura--Filosofía
- Fuente del término: lcsh
373 ## - GRUPO ASOCIADO
- Associated group: Université de Genève
- Associated group: Churchill College
- Fuente del término: naf
374 ## - OCUPACIÓN
- Occupation: Profesor universitario
- Occupation: Crítico
- Occupation: Filósofo
- Occupation: Novelista
- Fuente del término: lcsh
375 ## - GÉNERO
- Gender: Masculino
- Fuente del término: lcsh
377 ## - LENGUA ASOCIADA
- Language code: eng
378 ## - FORMA COMPLETA DE NOMBRE PERSONAL
- Fuller form of personal name: Francis George
400 1# - VEÁSE - NOMBRE DE PERSONA
- Personal name: Steiner, G.
- Fuller form of name: (George),
- Dates associated with a name: 1929-2020
670 ## - FUENTE EN LA QUE SE LOCALIZARON DATOS
- Cita de la fuente: Tolstoy or Dostoevsky, 1959:
- Información localizada: portada (George Steiner)
670 ## - FUENTE EN LA QUE SE LOCALIZARON DATOS
- Cita de la fuente: A reading against Shakespeare, 1986:
- Información localizada: portada (G. Steiner)
670 ## - FUENTE EN LA QUE SE LOCALIZARON DATOS
- Cita de la fuente: Wikipedia, viewed February 19, 2020:
- Información localizada: (Francis George Steiner, April 23, 1929 - February 3, 2020 was a Franco-American literary critic, essayist, philosopher, novelist, and educator. He wrote extensively about the relationship between language, literature and society, and the impact of the Holocaust. Professor of English and Comparative Literature at the University of Geneva (1974-94), Professor of Comparative Literature and Fellow at the University of Oxford (1994-95), Professor of Poetry at Harvard University (2001-02), and an Extraordinary Fellow at Churchill College, Cambridge (since 1969). Born in Paris, died in Cambrige (England).)
902 ## - CATALOGADOR
- Catalogador: NDAF/110523
